书目信息 |
| 题名: |
美国的悲剧(下)
|
|
| 作者: | 德莱塞 著 | |
| 分册: | ||
| 出版信息: | 伊犁 伊犁人民出版社 |
|
| 页数: | 527页 | |
| 开本: | 32开 | |
| 丛书名: | ||
| 单 册: | ||
| 中图分类: | I712.4 | |
| 科图分类: | ||
| 主题词: | 文学 | |
| 电子资源: | ||
| ISBN: | 978-7-5425-0548-4 | |
| 000 | 00536nam0 2200193 45 | |
| 001 | 1958055069 | |
| 005 | 20191121160809.74 | |
| 010 | @a978-7-5425-0548-4@dRMB 27.00 | |
| 100 | @a20000926d km y0chiy0120 ea | |
| 101 | 0 | @achi |
| 102 | @aCN | |
| 200 | 1 | @a美国的悲剧(下)@AMei Guo De Bei Ju(Xia)@f(美国)德莱塞 著@F(Mei Guo)De Lai Sai Zhu |
| 210 | @a伊犁@c伊犁人民出版社 | |
| 215 | @a527页@d32开 | |
| 606 | 0 | @a文学 |
| 690 | @aI712.4@v3 | |
| 701 | 0 | @a德莱塞@4著 |
| 801 | @aCN@bPftUser@c20000926 | |
| 905 | @dI712.4@eD216:2@b155466-470@f5 | |
| 美国的悲剧(下)/(美国)德莱塞 著.-伊犁:伊犁人民出版社 |
| 527页;32开 |
| ISBN 978-7-5425-0548-4:RMB 27.00 |
| ● |
| 相关链接 |
|
|
|
正题名:美国的悲剧(下)
索取号:I712.4/D216:2
 
预约/预借
| 序号 | 登录号 | 条形码 | 馆藏地/架位号 | 状态 | 备注 |
| 1 | 1452290 | 214522907 | 文学库116/116文学库 25排5列1层/ [索取号:I712.4/D216:2] | 在馆 |